[Event "Zamardi op"]
[Site "Zamardi"]
[Date "1980.??.??"]
[Round "?"]
[White "Szell, Lajos"]
[Black "Hausner, Ivan"]
[Result "0-1"]
[WhiteElo "2360"]
[BlackElo "2445"]

1.e4 c5 2.Nf3 d6 3.Bb5+ Nd7 4.O-O Nf6 5.Nc3 e6 6.d4 cxd4 7.Qxd4 Be7 8.Bg5 O-O
9.Rad1 Qc7 10.Bxd7 Bxd7 11.Bxf6 gxf6 12.Qe3 Kh8 13.Nd4 a6 14.f4 b5 15.Rd2 b4
16.Nce2 Rad8 17.f5 e5 18.Nb3 Bc6 19.Rf3 d5 20.Rh3 Rg8 21.Qh6 Rg7 22.Ng3 Bf8
23.Qxf6 Be7 24.Qh6 Bg5 25.Qh5 f6 26.Rd1 dxe4 27.Qe2 Rxd1+ 28.Qxd1 Rd7 29.Qh5 Qd8
30.Kf2 e3+ 31.Ke1 Bxg2 32.Nc5 Bxh3 33.Ne6 Qe7 34.Qxh3 Qd6 35.Qh5 Qd2+  0-1

[Event "Zamardi op"]
[Site "Zamardi"]
[Date "1980.??.??"]
[Round "?"]
[White "Biriescu, Ioan"]
[Black "Mista, Ladislav"]
[Result "0-1"]
[WhiteElo "2380"]
[BlackElo "2360"]

1.e4 c5 2.Nf3 d6 3.Bb5+ Nd7 4.c3 Nf6 5.Qe2 a6 6.Ba4 b5 7.Bc2 Bb7 8.O-O g6
9.d4 Bg7 10.Nbd2 O-O 11.a4 e5 12.dxe5 Nxe5 13.axb5 axb5 14.Qxb5 Rxa1  0-1

[Event "ITA-ch40"]
[Site "Napoli"]
[Date "1981.03.14"]
[Round "1"]
[White "Rupeni, Franco"]
[Black "Toth, Bela"]
[Result "0-1"]
[WhiteElo "2205"]
[BlackElo "2420"]

1.e4 c5 2.Nf3 d6 3.Bb5+ Nd7 4.O-O Nf6 5.Re1 a6 6.Bf1 e6 7.c3 Be7 8.d4 O-O
9.e5 Nd5 10.exd6 Bxd6 11.c4 N5f6 12.Nc3 b6 13.dxc5 Bxc5 14.a3 Bb7 15.b4 Be7
16.Bf4 Qc8 17.Nd4 Re8 18.Qd3 Bf8 19.Bg5 Qc7 20.Qh3 Rac8 21.Re3 g6 22.Bh6 Bxh6
23.Qxh6 Ng4  0-1

[Event "ITA-ch40"]
[Site "Napoli"]
[Date "1981.03.17"]
[Round "4"]
[White "Rupeni, Franco"]
[Black "Trabattoni, Franco"]
[Result "0-1"]
[WhiteElo "2205"]
[BlackElo "2330"]

1.e4 c5 2.Nf3 d6 3.Bb5+ Nd7 4.d4 Nf6 5.Nc3 a6 6.e5 cxd4 7.Qxd4 axb5 8.exf6 Nxf6
9.Bg5 Bd7 10.O-O Bc6 11.Bxf6 gxf6 12.Rfe1 e6 13.Nh4 Be7 14.Re3 d5 15.Nf5 b4
16.Nxe7 Qxe7 17.Ne2 Rg8 18.Ng3 Kd7 19.Ne4 e5 20.Nc5+ Kc8 21.Qxb4 d4 22.Rg3 Rxg3
23.hxg3 Ra4 24.Qb6 Rc4 25.Nd3 Qc7 26.Qb3 Ba4 27.Qa3 Bxc2 28.Nb4 Qc5 29.Qa8+ Kc7
30.a3 Bg6 31.Qh8 d3 32.Qxf6 d2 33.Rd1 Rc1 34.Qf3 Rxd1+ 35.Qxd1 Qc1 36.Nd5+ Kb8
37.Ne3 Bc2 38.Qf1 Bd3  0-1

[Event "BCF-ch"]
[Site "Morecambe"]
[Date "1981.08.05"]
[Round "3"]
[White "Mooney, David P"]
[Black "Bellin, Robert"]
[Result "0-1"]
[WhiteElo "2215"]
[BlackElo "2390"]

1.e4 c5 2.Nf3 d6 3.Bb5+ Bd7 4.a4 Nc6 5.O-O Nf6 6.Re1 e6 7.d3 Be7 8.Nbd2 O-O
9.Nc4 d5 10.exd5 Nxd5 11.Nce5 Nxe5 12.Nxe5 Bxb5 13.axb5 Nc7 14.c4 f6 15.Nf3 Qd6
16.d4 Rfd8 17.Be3 Qb6 18.dxc5 Bxc5 19.Qc2 Bxe3 20.Rxe3 a6 21.bxa6 Nxa6 22.Qe2 Nc5
23.Rea3 Rxa3 24.bxa3 Qb3 25.h3 Rd3 26.Ne1 Rd8 27.Nc2 f5 28.Rd1 Rxd1+ 29.Qxd1 Qxc4
30.Qd8+ Kf7 31.Qc7+ Kg6 32.Ne3 Qd4 33.g4 f4 34.Ng2 Nd3 35.Qc2 Kf6 36.Nh4 Qa1+
37.Kh2 Qf1 38.Qc3+ e5 39.Qc8 Qxf2+ 40.Ng2 f3 41.Qf8+ Ke6 42.Qc8+ Kd6 43.Qb8+ Kc6
44.Qc8+ Kb6 45.Qd8+ Kc5 46.Qa5+ Kc4 47.Qc7+ Nc5 48.Qf7+ Kc3  0-1

[Event "BCF-ch"]
[Site "Morecambe"]
[Date "1981.08.06"]
[Round "4"]
[White "Littlewood, John Eric"]
[Black "Pushkedra, Frank"]
[Result "1-0"]
[WhiteElo "2395"]
[BlackElo "2370"]

1.e4 c5 2.Nf3 d6 3.Bb5+ Bd7 4.Bxd7+ Qxd7 5.c4 Nc6 6.O-O g6 7.Nc3 Bg7 8.d3 e6
9.Be3 Nge7 10.Qd2 Nd4 11.Bxd4 cxd4 12.Ne2 e5 13.Ne1 O-O 14.Nc2 f5 15.f3 h5
16.b4 Kh7 17.Nc1 fxe4 18.fxe4 Rxf1+ 19.Kxf1 Qg4 20.Qe2 Qh4 21.Kg1 Rf8 22.Nb3 Ng8
23.Nd2 Nh6 24.Nf3 Qe7 25.Rf1 Nf7 26.b5 Ng5 27.Nb4 Ne6 28.Nd5 Nf4 29.Nxe7 Nxe2+
30.Kf2 Nf4 31.Rd1 Bf6 32.Nd5 Nxd5 33.exd5 Bg5 34.Ke2 Be3 35.Rf1 Kg7 36.Ne1 Rxf1
37.Kxf1 Bd2 38.Nf3 Bc1 39.h3 b6 40.Ke2 Kf6 41.g4 hxg4 42.hxg4 Be3 43.a4 Bc1
44.Ne1 Kg5 45.Kf3 Bd2 46.Nc2 Bc3 47.c5 dxc5 48.Na3 e4+ 49.Kxe4 c4 50.Nxc4 Kxg4
51.d6 Bb4 52.d7 Be7 53.a5 bxa5 54.Nxa5 Kg5 55.Ke5 Bf6+ 56.Ke6 Bd8 57.Nc6 Bc7
58.Nxa7 Kf4 59.Nc8  1-0

[Event "DEN-ch"]
[Site "Aarhus"]
[Date "1981.??.??"]
[Round "4"]
[White "Hansen, Curt"]
[Black "Reinert, Mads"]
[Result "1-0"]
[WhiteElo "2330"]
[BlackElo "2200"]

1.e4 c5 2.Nf3 d6 3.Bb5+ Nc6 4.O-O Bd7 5.c3 a6 6.Bxc6 Bxc6 7.Re1 Nf6 8.d4 Bxe4
9.Bg5 Bd5 10.Nbd2 e6 11.c4 Bxf3 12.Qxf3 cxd4 13.Qxb7 Qc8 14.Qb6 Qc5 15.Qb7 Qc8
16.Qf3 Be7 17.Nb3 h6 18.Bf4 Ra7 19.Nxd4 Rc7 20.c5 Rxc5 21.Rac1 Nd5 22.b4 Nxb4
23.Bd2 Nd5 24.Nf5 O-O 25.Qxd5 Bf6 26.Qxd6 Rxc1 27.Rxc1 Qxc1+ 28.Bxc1 Rd8  1-0

[Event "DEN-ch"]
[Site "Aarhus"]
[Date "1981.??.??"]
[Round "10"]
[White "Fries Nielsen, Jens Ove"]
[Black "Nielsen, Palle Moeller"]
[Result "1/2-1/2"]
[WhiteElo "2320"]
[BlackElo "2320"]

1.e4 c5 2.Nf3 d6 3.Bb5+ Bd7 4.Bxd7+ Nxd7 5.O-O Ngf6 6.Qe2 e6 7.d3 Be7 8.c4 Ne5
9.Nc3 Nfd7 10.a3 Bf6 11.Nxe5 dxe5 12.b4 Be7 13.Rb1 O-O 14.Be3 b6 15.f3 cxb4
16.axb4 a5 17.bxa5 Rxa5 18.Kh1 Bc5 19.Bxc5 Nxc5 20.Rfd1 Ra3 21.Qb2 Rb3 22.Qc2 Rxb1
23.Qxb1 h5 24.Ne2 Qc7 25.Qc1 Rd8 26.Qe3 Rd7 27.g3 Qd8  1/2-1/2

[Event "AUT-ch"]
[Site "AUT"]
[Date "1981.??.??"]
[Round "5"]
[White "Dueckstein, Andreas"]
[Black "Hoelzl, Franz"]
[Result "1/2-1/2"]
[WhiteElo "2405"]
[BlackElo "2375"]

1.e4 c5 2.Nf3 d6 3.Bb5+ Bd7 4.a4 Nf6 5.Nc3 e6 6.O-O Be7 7.e5 dxe5 8.Nxe5 Bxb5
9.axb5 Nbd7 10.Nc4 O-O 11.Qf3 Nb6 12.Na5 Nfd5 13.Nxb7 Qd7 14.Na5 Nb4 15.Qd1 a6
16.Nc6 Nxc6 17.bxc6 Qxc6 18.d3 Rfd8 19.Qe2 Rd7 20.Rd1 h6 21.Bd2 Bf6 22.Ra2 c4
23.Ne4 Be5 24.Bc3 Bxc3 25.Nxc3 Nd5 26.Qf3 Rc8 27.Nxd5 Qxd5 28.Qxd5 Rxd5 29.Rxa6 cxd3
30.c3 e5 31.f3 Re8 32.Ra4 Rb8 33.Ra2 Re8 34.c4 Rd4 35.b3 Rb8 36.Ra3 d2 37.Kf2 Rd3
38.Ke2 Rbxb3 39.Rxb3 Rxb3 40.Kxd2 Kf8 41.Kc2 Rb7 42.Kc3 Ke7 43.Rd5 Ke6 44.Rb5 Ra7  1/2-1/2

[Event "Bangalore"]
[Site "Bangalore"]
[Date "1981.??.??"]
[Round "7"]
[White "Kuzmin, Gennadi P"]
[Black "Parameswaran, Tiruchi N"]
[Result "1-0"]
[WhiteElo "2550"]
[BlackElo "2320"]

1.e4 c5 2.Nf3 d6 3.Bb5+ Nd7 4.O-O Nf6 5.Re1 e6 6.c3 a6 7.Bf1 Be7 8.d4 cxd4
9.cxd4 O-O 10.a4 e5 11.Nc3 Re8 12.Bc4 h6 13.a5 exd4 14.Nxd4 Bf8 15.Ba2 Nc5
16.Qf3 Bd7 17.h3 Bc6 18.Nxc6 bxc6 19.Be3 Nd3 20.Red1 Nb4 21.Bb3 Qe7 22.Rd2 Rab8
23.Rad1 Qe5 24.Bd4 Qg5 25.Bxf6 Qxf6 26.Qxf6 gxf6 27.f4 f5 28.exf5 d5 29.Kf1 Bd6
30.g3 Re3 31.Kg2 Bc7 32.Re2 Rxe2+ 33.Nxe2 Bxa5 34.g4 Re8 35.Nd4 c5 36.Ba4 Re3
37.Nc6 Nxc6 38.Bxc6 d4 39.Ra1 Bc7 40.Rxa6 Bxf4 41.f6 Kh7 42.Bd7 h5  1-0

[Event "Bangalore"]
[Site "Bangalore"]
[Date "1981.??.??"]
[Round "11"]
[White "Aaron, Manuel"]
[Black "Prasad, Devaki V"]
[Result "1-0"]
[WhiteElo "2380"]
[BlackElo "2300"]

1.e4 c5 2.Nf3 d6 3.Bb5+ Bd7 4.Bxd7+ Qxd7 5.O-O Nc6 6.c3 Nf6 7.Re1 e6 8.d3 Be7
9.Nbd2 O-O 10.Nf1 Rfd8 11.Ng3 Qc7 12.Bf4 Qb6 13.Qe2 Rac8 14.h3 h6 15.Rad1 Qa5
16.a3 b5 17.d4 cxd4 18.cxd4 d5 19.e5 Nh7 20.Bd2 Qb6 21.Bc1 b4 22.Nh2 bxa3
23.bxa3 Kh8 24.Qg4 Na5 25.Nh5 Rg8 26.Qf3 Rgf8 27.Ng4 Nb3 28.Be3 f5 29.exf6 Bxf6
30.Nhxf6 Nxf6 31.Ne5 Kg8 32.Qg3 Ne4 33.Qg4 Rc7 34.Rd3 Rf6 35.f3 Nc3 36.Bf2 Qa6
37.Kh2 Qxa3 38.Bh4 Rf5 39.Qg6 Qd6 40.Ree3 Nxd4 41.Rxd4 a5 42.Bg3 Qb6 43.Rdd3 d4
44.Ng4  1-0

[Event "Biel"]
[Site "Biel"]
[Date "1981.??.??"]
[Round "?"]
[White "Bichsel, Walter"]
[Black "Toth, Bela"]
[Result "0-1"]
[WhiteElo "2320"]
[BlackElo "2400"]

1.e4 c5 2.Nf3 d6 3.Bb5+ Bd7 4.Bxd7+ Qxd7 5.O-O Nc6 6.c3 Nf6 7.Qe2 e6 8.a3 Be7
9.b4 O-O 10.Bb2 d5 11.e5 Ne8 12.Re1 Nc7 13.d3 cxb4 14.cxb4 a5 15.bxa5 Rxa5
16.Nfd2 Rfa8 17.Nb3 R5a6 18.Rc1 Nb5 19.Nc5 Nbd4 20.Bxd4 Nxd4 21.Qb2 Bxc5
22.Rxc5 Nc6 23.Nd2 Qe7 24.Qc1 Qg5 25.d4 Qf4 26.Rb1 h6 27.Nf3 Qxc1+ 28.Rcxc1 R8a7
29.h3 Rxa3 30.Rc5 Rd3 31.Rb6 Kh7 32.Kh2 Nxd4 33.Nxd4 Rxd4 34.Rc7 Kg6 35.g4 Ra2
36.Rbxb7 Rxf2+ 37.Kg3 Rf1 38.Rb3 Re4 39.h4 Rg1+ 40.Kh3 Rgxg4  0-1

[Event "Bochum"]
[Site "Bochum"]
[Date "1981.??.??"]
[Round "?"]
[White "Borik, Otto"]
[Black "Kunsztowicz, Uwe"]
[Result "1/2-1/2"]
[WhiteElo "2390"]
[BlackElo "2460"]

1.e4 c5 2.Nf3 d6 3.Bb5+ Bd7 4.Bxd7+ Nxd7 5.O-O Ngf6 6.Re1 e6 7.d4 cxd4 8.Nxd4 a6
9.c4 Be7 10.b3 O-O 11.Bb2 Qa5 12.Nc3 Rfc8 13.Qd2 Kh8 14.Rad1 Rab8 15.a3 Qh5
16.Qe2 Qxe2 17.Rxe2 Ne8 18.f4  1/2-1/2

[Event "Bochum"]
[Site "Bochum"]
[Date "1981.??.??"]
[Round "?"]
[White "Ciocaltea, Victor"]
[Black "Kunsztowicz, Uwe"]
[Result "1-0"]
[WhiteElo "2445"]
[BlackElo "2460"]

1.e4 c5 2.Nf3 d6 3.Bb5+ Bd7 4.Bxd7+ Qxd7 5.O-O Nf6 6.Qe2 Nc6 7.c3 e6 8.d4 cxd4
9.cxd4 d5 10.e5 Ne4 11.Rd1 Rc8 12.Be3 Be7 13.Ne1 h6 14.f3 Ng5 15.Nc3 O-O
16.Nd3 f6 17.exf6 Bxf6 18.Nf2 Nf7 19.Ng4 Nd6 20.Bf2 Nf5 21.Nxf6+ Rxf6 22.Rac1 Rff8
23.Rc2 Qf7 24.Qe1 Qg6 25.Re2 Rfe8 26.Kh1 h5 27.Qd2 Re7 28.Ree1 a6 29.Ne2 Nd8
30.Nf4 Qh6 31.g4 hxg4 32.fxg4 Nd6 33.Nxd5 Rf7 34.Nb6 Rc6 35.d5 exd5 36.Nxd5 Qg6
37.Ne7+ Rxe7 38.Rxe7 N8f7 39.Qd3 Qf6 40.Re2 Rc4 41.Bg3 Rxg4 42.Rde1 Nf5 43.Re8+ Kh7
44.R8e6 Qg5 45.Rf1  1-0

[Event "YUG-ch"]
[Site "Borovo"]
[Date "1981.??.??"]
[Round "15"]
[White "Simic, Radoslav"]
[Black "Cebalo, Miso"]
[Result "1/2-1/2"]
[WhiteElo "2440"]
[BlackElo "2510"]

1.e4 c5 2.Nf3 d6 3.Bb5+ Bd7 4.Bxd7+ Qxd7 5.c4 Nc6 6.O-O g6 7.d4 cxd4 8.Nxd4 Bg7
9.Be3 Nf6 10.f3 O-O 11.Nc3 Nxd4 12.Bxd4 Rfc8 13.b3 Qe8 14.Qd2 Nd7 15.Bxg7 Kxg7  1/2-1/2

[Event "HUN-ch"]
[Site "Budapest"]
[Date "1981.??.??"]
[Round "?"]
[White "Groszpeter, Attila"]
[Black "Sax, Gyula"]
[Result "1-0"]
[WhiteElo "2435"]
[BlackElo "2560"]

1.e4 c5 2.Nf3 d6 3.Bb5+ Nc6 4.O-O Bd7 5.Re1 a6 6.Bf1 Bg4 7.c3 g6 8.d3 Bg7
9.Nbd2 b5 10.h3 Bd7 11.Nb3 e5 12.Bg5 Nge7 13.d4 cxd4 14.cxd4 exd4 15.Nbxd4 O-O
16.Nxc6 Bxc6 17.Rc1 Bb7 18.e5 d5 19.Nd4 Re8 20.Bf6 Qb6 21.Bxg7 Kxg7 22.Qd2 Nc6
23.Nxc6 Bxc6 24.Qb4 Rad8 25.Qc5 Qxc5 26.Rxc5 Re6 27.Bd3 d4 28.f4 Bd5 29.b3 h5
30.g3 Rc6 31.Rxc6 Bxc6 32.Rc1 Bd7 33.h4 Rc8 34.Rxc8 Bxc8 35.Kf2 b4 36.Kf3 Bb7+
37.Be4 Bc8 38.Ke2 a5 39.Kd3 a4 40.Kxd4 axb3 41.axb3 Be6 42.Bd5  1-0

[Event "HUN-ch"]
[Site "Budapest"]
[Date "1981.??.??"]
[Round "?"]
[White "Sax, Gyula"]
[Black "Ribli, Zoltan"]
[Result "1/2-1/2"]
[WhiteElo "2560"]
[BlackElo "2585"]

1.e4 c5 2.Nf3 d6 3.Bb5+ Bd7 4.Bxd7+ Qxd7 5.c4 e6 6.Nc3 Nc6 7.O-O Nf6 8.d4 cxd4
9.Nxd4 Be7 10.b3 O-O 11.Bb2 Rac8 12.Nc2 a6 13.Qe2 Rfe8 14.Rfd1 b6 15.Ne3 Qb7
16.f3  1/2-1/2

[Event "Budva zt"]
[Site "Budva"]
[Date "1981.??.??"]
[Round "8"]
[White "Guimaraes, Jorge"]
[Black "Mariotti, Sergio"]
[Result "0-1"]
[WhiteElo "2260"]
[BlackElo "2475"]

1.e4 c5 2.Nf3 d6 3.Bb5+ Nd7 4.c4 a6 5.Ba4 e5 6.Nc3 h6 7.d3 Rb8 8.O-O g5 9.Ne1 Bg7
10.Nc2 Ne7 11.Ne3 O-O 12.Ncd5 Nxd5 13.Nxd5 Nb6 14.Nxb6 Qxb6 15.Qh5 f5 16.h4 f4
17.hxg5 hxg5 18.f3 Be6 19.Qxg5 Rf6 20.g4 Kf7 21.Qh5+ Rg6 22.Qh3 Rh8 23.Qg2 Rgh6
24.Bd2 Qxb2  0-1

[Event "Budva zt"]
[Site "Budva"]
[Date "1981.??.??"]
[Round "11"]
[White "Tatai, Stefano"]
[Black "Hulak, Krunoslav"]
[Result "0-1"]
[WhiteElo "2485"]
[BlackElo "2475"]

1.e4 c5 2.Nf3 d6 3.Bb5+ Bd7 4.Bxd7+ Nxd7 5.O-O Ngf6 6.Re1 e6 7.b3 Be7 8.Bb2 O-O
9.d4 cxd4 10.Qxd4 b5 11.Na3 e5 12.Qe3 Qb8 13.Qe2 a6 14.Rad1 Rc8 15.c3 Nc5
16.Nd2 Bd8 17.g3 Ne6 18.Kg2 Bb6 19.Nf1 Rd8 20.Nb1 Ng5 21.f3 Qc8 22.Bc1 Ne6
23.Be3 Bc7 24.Rd2 Qb7 25.Red1 d5 26.exd5 Nxd5 27.Kh1 Rac8 28.Bg1 Nf6 29.Rxd8+ Bxd8
30.Nfd2 Bc7 31.Kg2 h6 32.Ne4 Nxe4 33.Qxe4 Qxe4 34.fxe4 Ng5 35.Re1 Kf8 36.h4 Ne6
37.Rd1 Ke7 38.Kf3 Bd6 39.Rd5 g6 40.g4 h5 41.gxh5 Nf4 42.Rd1 Nxh5 43.Be3 Ke6
44.Bg5 f5 45.Rd3 Be7 46.Bxe7 Kxe7 47.Rd1 Nf6 48.exf5 gxf5 49.Rg1 Ke6 50.Rg7 e4+
51.Ke2 Rh8 52.Ra7 Rxh4 53.Rxa6+ Ke5 54.Ra5 Rh2+ 55.Kd1 e3 56.Rxb5+ Kf4  0-1

[Event "Caorle op"]
[Site "Caorle"]
[Date "1981.??.??"]
[Round "1"]
[White "Bollek, J."]
[Black "Santolini, Luigi"]
[Result "0-1"]
[WhiteElo "2000"]
[BlackElo "2220"]

1.e4 c5 2.Nf3 d6 3.Bb5+ Bd7 4.Nc3 Bxb5 5.Nxb5 a6 6.Nc3 e6 7.d3 g6 8.O-O Bg7
9.Bd2 b5 10.Rb1 Ne7 11.a4 Qb6 12.b3 O-O 13.Kh1 Nbc6 14.Nh4 Nd4 15.f4 Qc6
16.Nf3 f5 17.exf5 exf5 18.Ng5 Rfe8 19.Re1 h6 20.Ne6 Nxe6 21.Rxe6 Nd5 22.Rxg6 Kh7
23.Qh5 b4 24.Nxd5 Qxd5 25.Rg3 Re6 26.h3 Rf8 27.Kh2 Rff6 28.Re1 Rxe1 29.Bxe1 Qd4
30.Qf3 Rg6 31.Rxg6 Kxg6 32.Bf2 Qc3 33.Qe2 Kf7 34.Bh4 Bf6 35.Bf2 Qb2 36.Qh5+ Kg7
37.Qxf5 Qxc2 38.Qd7+ Kg8 39.Qxd6 Bd4 40.Qd8+ Kf7 41.Qc7+  0-1

[Event "Caorle op"]
[Site "Caorle"]
[Date "1981.??.??"]
[Round "5"]
[White "Bonavoglia, G."]
[Black "Bastijanic, D."]
[Result "0-1"]
[WhiteElo "2000"]
[BlackElo "2000"]

1.e4 c5 2.Nf3 d6 3.Bb5+ Nc6 4.d4 cxd4 5.Qxd4 Bd7 6.Bxc6 Bxc6 7.O-O Nf6 8.Nc3 e6
9.Bg5 h6 10.Bh4 g5 11.Bg3 e5 12.Qd3 h5 13.h4 gxh4 14.Nxh4 Qd7 15.b4 Qg4 16.Nd5 Nxd5
17.exd5 Be7 18.f4 Bd7 19.fxe5 Bxh4 20.Bxh4 Qxh4 21.e6 fxe6 22.Qg6+ Kd8 23.dxe6 Bc6
24.Qg7 Re8 25.b5 Re7 26.Qf8+ Be8 27.Rad1 Kc7 28.Rf4 Bxb5 29.Qf5 Qg3 30.Rxd6 Qe3+
31.Kh1 Kxd6 32.Re4 Qc5 33.Qf4+ Kc6 34.Re5 Qc4  0-1

[Event "Caorle op"]
[Site "Caorle"]
[Date "1981.??.??"]
[Round "6"]
[White "Triller, R."]
[Black "Fornari, Giuseppe"]
[Result "1-0"]
[WhiteElo "2210"]
[BlackElo "1960"]

1.e4 c5 2.Nf3 d6 3.Bb5+ Bd7 4.Bxd7+ Qxd7 5.O-O e6 6.c4 Nc6 7.d4 cxd4 8.Nxd4 Nf6
9.Nc3 Be7 10.f4 O-O 11.Be3 a6 12.Qe2 Rfe8 13.Rad1 Qc7 14.Rc1 Rac8 15.b3 Qa5
16.h3 Bf8 17.Qf2 Nd7 18.f5 Nce5 19.fxe6 fxe6 20.Bd2 Qc7 21.Kh1 Nc5 22.Qg3 b6
23.Rce1 Qb7 24.Re2 Rc7 25.Kh2 Rf7 26.Rxf7 Qxf7 27.Rf2 Qg6 28.Qxg6 Nxg6 29.Nf3 Nd3
30.Rf1 Be7 31.Be3 Bf6 32.Bd4 Rc8 33.Bxf6 gxf6 34.Rd1 Nge5 35.Nxe5 Nxe5 36.Rxd6 Rc6
37.Rd8+ Kf7 38.Ne2 b5 39.Nd4 Rc5 40.cxb5 axb5 41.Rb8 Nd7 42.Rxb5 e5 43.Rb7 Ke8
44.Nf5 Ra5 45.a4 Ra6 46.Rc7 Rb6 47.Rc3 Rb4 48.Kg3 Nf8 49.Kf3 Ne6 50.h4 Kd7
51.Ke3 Nd4 52.Rd3 Rxb3 53.Nxd4 exd4+ 54.Kxd4 Rb1 55.Ra3 Rg1 56.g3 Rd1+ 57.Ke3 Kc6
58.a5 Kb7 59.a6+ Ka7 60.Kf4 Rf1+  1-0

[Event "Caorle op"]
[Site "Caorle"]
[Date "1981.??.??"]
[Round "6"]
[White "Fabisch, Christian"]
[Black "Vallifuoco, Giovanni"]
[Result "1/2-1/2"]
[WhiteElo "2000"]
[BlackElo "2080"]

1.e4 c5 2.Nf3 d6 3.Bb5+ Bd7 4.Bxd7+ Nxd7 5.O-O Ngf6 6.Nc3 e6 7.d4 cxd4 8.Nxd4 Be7
9.Kh1 O-O 10.f4 Rc8 11.Qf3 Qa5 12.g4 d5 13.exd5 Nxd5 14.Nxd5 Qxd5 15.Qxd5 exd5
16.c3 Nb6 17.Nf5 Rfe8 18.Be3 g6 19.Bxb6 axb6 20.Nxe7+ Rxe7 21.Rae1 Rce8 22.Rxe7 Rxe7
23.Rf2 Kf8 24.Kg2 Re1 25.Kf3 Ra1 26.a3 Ke7 27.Rd2 Rb1 28.Ke3 Kd6 29.Kf3 Rf1+
30.Ke3 Rb1 31.Kf3  1/2-1/2

[Event "Caorle op"]
[Site "Caorle"]
[Date "1981.??.??"]
[Round "9"]
[White "Kosanovic, Goran A"]
[Black "Bastijanic, D."]
[Result "1-0"]
[WhiteElo "2200"]
[BlackElo "2000"]

1.e4 c5 2.Nf3 d6 3.Bb5+ Nc6 4.O-O Bd7 5.c3 Nf6 6.Re1 a6 7.Bxc6 Bxc6 8.e5 dxe5
9.Nxe5 Rc8 10.Na3 e6 11.Nc2 Bd6 12.d4 O-O 13.Bg5 Be8 14.Qf3 b6 15.Rad1 c4
16.Ne3 Ba4 17.Rb1 Bb5 18.N3g4 Be7 19.Nh6+ gxh6 20.Bxh6 Kh8 21.Qg3 Nh5 22.Qg4 Be8
23.Bxf8 f5 24.Bxe7 Qxe7 25.Qe2 Qg5 26.Nf3 Qg7 27.Qxe6  1-0

[Event "Copenhagen-ch"]
[Site "Copenhagen"]
[Date "1981.??.??"]
[Round "4"]
[White "Poulsen, Allan"]
[Black "Fuglsang, Flemming"]
[Result "0-1"]
[WhiteElo "2400"]
[BlackElo "2200"]

1.e4 c5 2.Nf3 d6 3.Bb5+ Bd7 4.Bxd7+ Qxd7 5.O-O g6 6.c3 Bg7 7.d4 Nf6 8.e5 dxe5
9.Nxe5 Qc7 10.Qa4+ Nbd7 11.Bf4 Nh5 12.Qc4 Bxe5 13.Bxe5 Nxe5 14.dxe5 Qxe5
15.Qb5+ Kf8 16.Na3 Kg7 17.Qxb7 Qg5 18.Nc4 e6 19.Rae1 Qd5 20.Qxd5 exd5 21.Ne3 d4
22.cxd4 cxd4 23.Nc4 Rac8 24.b3 Rhd8 25.Re7 Nf4 26.g3 Nd5 27.Rxa7 d3 28.Ne5 d2
29.Nxf7 Rc1 30.Nxd8+ Kg8 31.Ne6 Rxf1+ 32.Kxf1 d1=Q+ 33.Kg2 Qe2 34.Ra8+ Kf7
35.Ng5+ Kf6 36.Nxh7+ Kg7 37.Ra7+ Kh6 38.Rf7 Ne3+ 39.Kh3 Qh5+  0-1

[Event "Politiken Cup"]
[Site "Copenhagen"]
[Date "1981.??.??"]
[Round "5"]
[White "Dobosz, Henryk"]
[Black "Jakobsen, Ole"]
[Result "0-1"]
[WhiteElo "2360"]
[BlackElo "2415"]

1.e4 c5 2.Nf3 d6 3.Bb5+ Bd7 4.Bxd7+ Nxd7 5.O-O Ngf6 6.Qe2 e6 7.c3 Be7 8.d4 cxd4
9.cxd4 d5 10.e5 Ne4 11.Nbd2 Nxd2 12.Bxd2 Qb6 13.Be3 Nb8 14.Rfd1 Nc6 15.Ne1 O-O
16.Qg4 f5 17.exf6 Rxf6 18.Nd3 Rg6 19.Qe2 Bd6 20.f4 Rf8 21.Kh1 Qd8 22.Rf1 Ne7
23.Rf3 Nf5 24.Bf2 h5 25.Rh3 h4 26.Rc1 b6 27.a4 Qf6 28.Rc6 Rd8 29.Ne5 Bxe5
30.dxe5 Qe7 31.Qh5 Rh6 32.Qd1 Qb4 33.Qc1 Qxa4 34.Rc7 Qe4 35.Rxa7 Rg6 36.Qf1 Rc8
37.Ra1 Qxf4 38.Rf3 Qxe5 39.Bxb6 Qxb2 40.Rb1 Qe5 41.Qd3 Rg4 42.Bg1 Rgc4 43.Rbf1 Rc1
44.Qa6 R8c2 45.Qa8+ Rc8 46.Qa6 Kh7 47.Qb7 Rxf1 48.Rxf1 Rc2 49.Qf7 Qf6 50.Qh5+ Qh6
51.Qf3 Ng3+  0-1

[Event "Czestochowa"]
[Site "Czestochowa"]
[Date "1981.??.??"]
[Round "4"]
[White "Gizynski, Tomasz"]
[Black "Bugajski, Robert"]
[Result "1/2-1/2"]
[WhiteElo "2235"]
[BlackElo "2295"]

1.e4 c5 2.Nf3 d6 3.Bb5+ Bd7 4.Bxd7+ Qxd7 5.c4 e5 6.Nc3 g6 7.Rb1 Nc6 8.O-O Bg7
9.a3 Nge7 10.b4 O-O 11.Nd5 f5 12.d3 h6 13.Bd2 Rf7 14.Bc3 Rc8 15.Nd2 Rcf8
16.Qb3 b6 17.a4 h5 18.b5 Nd4 19.Bxd4 cxd4 20.Qd1 Bh6 21.Nxe7+ Qxe7 22.exf5 gxf5
23.Nf3 Rg7 24.Kh1 Kh7 25.Qe2 Rfg8 26.Rg1 Rg4 27.h3 R4g7 28.Ra1 Qf6 29.a5 Re7
30.axb6 axb6 31.Nh2 Qf7 32.Ra6 Rb8 33.Nf3 Qg7 34.Ne1 Qg5 35.Nc2 Qd2 36.Qxd2 Bxd2
37.Rd1 Bc3 38.Kg1 Rg7 39.Kf1 h4 40.Ne1 e4 41.Nc2 Rbg8 42.Ke2 e3 43.Rxb6 Rxg2
44.Rf1 Rh2 45.Rxd6 Rgg2 46.Nxe3 dxe3 47.Kxe3 Rxh3+ 48.Ke2 Rg7 49.c5 Re7+
50.Kd1 Bb4 51.Rd5 Ra7 52.c6 Ra1+ 53.Ke2 Ra2+ 54.Kd1 Rd2+ 55.Kc1 Rdxd3 56.Rxf5 Ra3
57.Kb2 Rab3+ 58.Ka2 Rbd3 59.Rg1 Ra3+ 60.Kb2 Rhb3+ 61.Kc2 Rc3+ 62.Kb2  1/2-1/2

[Event "Czestochowa"]
[Site "Czestochowa"]
[Date "1981.??.??"]
[Round "11"]
[White "Gizynski, Tomasz"]
[Black "Gazik, Igor"]
[Result "1/2-1/2"]
[WhiteElo "2235"]
[BlackElo "2325"]

1.e4 c5 2.Nf3 d6 3.Bb5+ Bd7 4.Bxd7+ Qxd7 5.O-O Nc6 6.c3 Nf6 7.d4 Nxe4 8.d5 Nb8
9.Re1 Nf6 10.c4 Na6 11.Nc3 g6 12.Bg5 Bg7 13.Qe2 Nc7 14.Rad1 h6 15.Bd2 b5
16.cxb5 Rb8 17.Bf4 Nh5 18.Bc1 Nxb5 19.Nxb5 Rxb5 20.Nd2 Rb7 21.Nc4 O-O 22.Be3 Qb5
23.Qc2 Nf6 24.Bc1 Kh7 25.h3 Ra8 26.Re3 Bf8  1/2-1/2

[Event "DDR-ch 30th"]
[Site "Fuerstenwalde"]
[Date "1981.??.??"]
[Round "12"]
[White "Rossmann, Helmut"]
[Black "Gruenberg, Hans Ulrich"]
[Result "1/2-1/2"]
[WhiteElo "2280"]
[BlackElo "2435"]

1.e4 c5 2.Nf3 d6 3.Bb5+ Bd7 4.Bxd7+ Qxd7 5.c4 Nf6 6.Nc3 e6 7.O-O a6 8.d4 cxd4
9.Nxd4 Be7 10.b3 O-O 11.Bb2 b6 12.Qe2 Qb7 13.Rad1 Nbd7 14.Rfe1 Rfe8 15.Nf3 Rec8
16.Rd2 Bf8 17.Red1 Qc7 18.Nd4 Re8 19.Nc2 Rac8 20.Ne3 Qb7 21.f3 Qb8 22.g3 Qa7
23.Kg2 Qa8 24.Re1 h6 25.Red1 Nc5 26.Nc2 Nfd7 27.Ne3 Ne5 28.b4 Ncd7 29.a3 Qb7
30.f4 Nc6 31.Qf3 Rc7 32.e5 dxe5 33.b5 axb5 34.Nxb5 e4 35.Qe2 Nc5 36.Nxc7 Qxc7
37.Ng4 f5 38.Ne5 Nxe5 39.Bxe5 Qc6 40.Kh3 Nd3 41.Rxd3 exd3 42.Qxd3 g5 43.Qd7 g4+
44.Kh4 Qg2 45.Kh5 Re7 46.Qc8 Kf7 47.Bf6 Qxh2+ 48.Bh4 Qb2 49.Rd7 Qg7  1/2-1/2

[Event "Bundesliga 8081"]
[Site "Germany"]
[Date "1981.??.??"]
[Round "?"]
[White "Heidrich, Manfred"]
[Black "Mevel, Alberic"]
[Result "1-0"]
[WhiteElo "2230"]
[BlackElo "2250"]

1.e4 c5 2.Nf3 d6 3.Bb5+ Bd7 4.Bxd7+ Qxd7 5.c4 Nc6 6.d4 cxd4 7.Nxd4 Nf6 8.Nc3 g6
9.f3 Bg7 10.Be3 O-O 11.Rc1 Rfc8 12.b3 Qd8 13.O-O Qa5 14.Qd3 a6 15.a4 Nxd4
16.Bxd4 e6 17.Rfd1 Rc6 18.Ne2 Nd7 19.Bxg7 Kxg7 20.Nd4 Rc7 21.Qc3 Qxc3 22.Rxc3 d5
23.exd5 exd5 24.Rcd3 Nc5 25.Rc3 dxc4 26.Rxc4 Rac8 27.Rc3 Kf6 28.Ne2 Ne6 29.Rcd3 Rc2
30.R1d2 h5 31.Ng3 Rxd2 32.Ne4+ Ke5 33.Nxd2 b5 34.axb5 axb5 35.g3 g5 36.Kf2 Rc2
37.Ke1 Nc5 38.f4+ gxf4 39.gxf4+ Kxf4 40.Rf3+ Kg4 41.Rxf7 Nd3+ 42.Kd1 Rc1+
43.Ke2 Nf4+ 44.Kf2 Rc2 45.Rd7 Rc3 46.Rg7+ Kf5 47.Rf7+ Kg4 48.Rg7+ Kh3 49.Nf3 Rc2+
50.Ke3 Ng2+ 51.Kd3 Ne1+  1-0

[Event "Bundesliga 8081"]
[Site "Germany"]
[Date "1981.??.??"]
[Round "?"]
[White "Ackermann, Hans Werner"]
[Black "Jacoby, Gisbert"]
[Result "1/2-1/2"]
[WhiteElo "2275"]
[BlackElo "2245"]

1.e4 c5 2.Nf3 d6 3.Bb5+ Bd7 4.Bxd7+ Qxd7 5.c4 e5 6.Nc3 Nc6 7.d3 g6 8.O-O Bg7
9.a3 Nge7 10.Rb1 a5 11.Bg5 f6 12.Bd2 O-O 13.Nb5 f5 14.Bg5 Bf6 15.Bh6 Bg7
16.Bg5 Bf6 17.Bh6 Bg7  1/2-1/2

[Event "EU-ch U20"]
[Site "Groningen"]
[Date "1981.??.??"]
[Round "11"]
[White "Hansen, Curt"]
[Black "Salov, Valery"]
[Result "1/2-1/2"]
[WhiteElo "2335"]
[BlackElo "2295"]

1.e4 c5 2.Nf3 d6 3.Bb5+ Nd7 4.d4 cxd4 5.Qxd4 Nf6 6.Nc3 e6 7.Bg5 Be7 8.Bxf6 gxf6
9.O-O a6 10.Be2 Qc7 11.Qe3 b5 12.Nd4 h5 13.a4 b4 14.Nb1 Nc5 15.Nd2 Rb8 16.f4 Bb7
17.Bf3 h4 18.Kh1 Ba8 19.f5 e5 20.Ne2 Bf8 21.Qf2 Bh6 22.Qxh4 Ke7 23.Qe1 Rh7
24.b3 Bxd2 25.Qxd2 Nxe4 26.Qd3 Rh4 27.g3 Nc5 28.Qe3 Bxf3+ 29.Qxf3 Rhh8 30.Rfe1 Kf8
31.Rad1 Qb7 32.Qxb7 Nxb7 33.c3 a5 34.cxb4 axb4 35.Nc1 Kg7 36.Nd3 Na5 37.Re4 Nc6
38.Rc4 Nd4 39.Nxb4 Rh5 40.a5 Rxf5 41.Nc2 Rxb3 42.Nxd4 exd4 43.Rcxd4 Rxa5  1/2-1/2

[Event "Haderslev op"]
[Site "Haderslev"]
[Date "1981.??.??"]
[Round "5"]
[White "Caspersen, Jes"]
[Black "Fransson, Peter"]
[Result "0-1"]
[WhiteElo "2200"]
[BlackElo "2200"]

1.e4 c5 2.Nf3 d6 3.Bb5+ Nd7 4.O-O Nf6 5.Re1 e6 6.c3 Be7 7.d4 O-O 8.Bf4 Qb6
9.Bxd7 Bxd7 10.b3 d5 11.e5 Ne4 12.Be3 Rac8 13.Nfd2 Nxc3 14.Nxc3 cxd4 15.Nc4 dxc4
16.Bxd4 Qa5 17.Re3 Bc6 18.Rh3 Rfd8 19.Qh5 h6 20.Ne2 cxb3 21.Rxb3 Qd2 22.Rb2 Qd3
23.Rb3 Qe4 24.f3 Qxe2  0-1